000 00492nam a2200169Ia 4500
999 _c36544
_d36544
003 OSt
005 20201222104239.0
008 190216s9999||||xx |||||||||||||| ||und||
040 _coclc
082 _a032
_bDAK/N
100 _aDakshinamurthy, M
_96444
245 0 _aNew English Encyclopaedia /
_cM Dakshinamurthy
260 _bInternational Publications,
_aThiruvalla:
_c1992.
300 _a1040p
650 _aReferences
942 _cREF
_2ddc
_h032
_iDAK/N
_k032
_mDAK/N